000 00636aas a2200193 4500
999 _c4634
_d4634
003 BR-BrBNA
005 20230317234238.0
007 ta
008 230119b bl ||||| |||| 00| 0 por d
040 _aBR-BrBNA
_bSpa
_cBR-BrBNA
044 _abl
245 _aLicitaciones y oportunidades de cooperacion tecnica
_bCEPPI-IICA - Boletin
_cInstituto Interamericano de Cooperacion para la Agricultura
260 _bInstituto Interamericano de Cooperacion para la Agricultura
505 _a1997 2(5);
653 _aLICITACAO
650 1 2 _gAGRICULTURA; PROJETOS DE DESENVOLVIMENTO; ASSISTENCIA TECNICA
909 _a56
_bSergio Santos
_c56
_dSergio Santos
942 _cCR
_2AGRIS